00370pam a2200133a 44500008004100000020002900041082001600070100001800086245006100104260003000165300001100195906001100206999001900217230405s2018 xxu||||| |||| 00| 0 eng d a9789386827227cRs. 425/- a610.73bMAN aManivannan,S. aTextbook of Community Health Nursing -2 for B.Sc.Nursing aNew DelhibCBS Pub.c2018 a294 p. a003871 c252118d252118